00870cam a22002411 450000100060000000300080000600500170001400800410003103500190007204000270009104100080011808200220012610000240014824500860017226000450025830000320030349000480033550400300038365100440041394200120045799900170046995201420048627621BD-RjUL20211209051158.0140325s1966 nyu b 000 0 eng  a(BD-RjUL)27700 aDLCcDLCdBD-RjULbeng aeng00a914.703bRAR 19661 aRaeff, Marc,98483610aRussian intellectual history :ban anthology /cWith an introd. by Isaiah Berlin. aNew York,bHarcourt, Brace & Worldc1966 ax, 404 p. :c23 cm.bill. ;0 aThe Harbrace series in Russian area studies aBibliography: p. 402-404. 0aSoviet UnionxIntellectual life.984837 2ddccBK c27621d27621 00102ddc40728NFICaRUCLbRUCLcReadingd1973-02-09eBook centreg53.55l0o914.703 RAR 1966r2014-03-25 00:00:00tC-1w2014-03-25yBK